000 00649nam a2200241Ia 4500
003 OSt
005 20221005114024.0
006 a|||||r|||| 00| 0
007 ta
008 221004b |||||||| |||| 00| 0 eng d
024 _a70236
037 _cTextual
040 _aCRL
_cCRL
_beng
041 _2eng
_aeng
082 _aY1:1v73, K2
100 _aBeard Charles A
245 0 _aAmerican spirit
_b A study of the idea of vibvilization in the United States
260 _c1962
650 _aSOCIOLOGY
700 _a Beard Mary R
942 _hY1:1v73, K2
_cTEXL
_2cc
999 _c1030037
_d1030037